| 000 | 02153cam a22005177a 4500 | ||
|---|---|---|---|
| 001 | 000056004 | ||
| 003 | CHAP | ||
| 005 | 20220329140625.0 | ||
| 008 | 971013s1968 r 00010 d | ||
| 010 | _a54940 | ||
| 011 | _a55912 | ||
| 035 | _a60065 | ||
| 040 | _cCHAP | ||
| 082 | 0 | 4 |
_a330.4 _bA38 |
| 100 | 0 | 0 |
_aAguilar Monteverde, Alonso. _92774 |
| 245 | 1 | 3 | _aLa economía y los economistas. |
| 260 |
_aChapingo, Méx. : _bENA, _c1968. |
||
| 300 | _a41 h. | ||
| 490 | 1 | _aEnseñanza e investigación. Economía agrícola | |
| 590 |
_aBATCH-UPD _b10 _c20130110 _lUCH01 _h2134 |
||
| 590 |
_aBATCH-UPD _b10 _c20130410 _lUCH01 _h1443 |
||
| 590 |
_aBATCH-UPD _b10 _c20130914 _lUCH01 _h1231 |
||
| 590 |
_aCONVERSION _b10 _c20130109 _lUCH01 _h1330 |
||
| 590 |
_aE5995AHE _b05 _c20150219 _lUCH01 _h0852 |
||
| 650 | 1 | 4 |
_aEconomía _xDiscursos, ensayos y conferencias. _935233 |
| 710 | 0 |
_aENA. Departamento de Economía Agrícola. _936692 |
|
| 830 | 0 |
_aEnseñanza e investigación. Economía agrícola _937090 |
|
| 901 | _aBK | ||
| 942 | _cLIBRO | ||
| 942 | _n0 | ||
| 949 |
_a330.4 A38 _bBC _cBPA _d-129616 _eBPA _fc.4 _h11988 _i60065 _si |
||
| 949 |
_a330.4 A38 _bBC _cBPA _d-129617 _eBPA _fc.5 _h11989 _i60065 _si |
||
| 949 |
_a330.4 A38 _bBC _cBPA _d-129618 _eBPA _fc.6 _h11990 _i60065 _si |
||
| 949 |
_a330.4 A38 _bBC _cBPA _d-129619 _eBPA _fc.7 _h11991 _i60065 _si |
||
| 949 |
_a330.4 A38 _bBC _cBPA _d-129620 _eBPA _fc.8 _h11992 _i60065 _si |
||
| 949 |
_a330.4 A38 _bBC _cBPA _d-129621 _eBPA _fc.9 _h11993 _i60065 _si |
||
| 949 |
_a330.4 A38 _bBC _cBPA _d-129622 _eBPA _fc.10 _h11994 _i60065 _si |
||
| 949 |
_a330.4 A38 _bBC _cBPA _d-129623 _eBPA _fc.11 _h11995 _i60065 _si |
||
| 949 |
_a330.4 A38 _bBC _cBPA _d-129624 _eBPA _fc.12 _h11996 _i60065 _si |
||
| 949 |
_a330.4 A38 _bBC _cBPA _d-129625 _eBPA _fc.13 _h11997 _i60065 _si |
||
| 949 |
_a330.4 A38 _bBC _cBPA _d-129626 _eBPA _fc.14 _h11998 _i60065 _si |
||
| 949 |
_a330.4 A38 _bBC _cLIBRO _d33724000318325 _eLIBRO _h11985 _i60065 _si |
||
| 949 |
_a330.4 A38 _bBC _cLIBRO _d33724000318374 _eLIBRO _fc.2 _h11986 _i60065 _si |
||
| 949 |
_a330.4 A38 _bBC _cLIBRO _d33724000318382 _eLIBRO _fc.3 _h11987 _i60065 _si |
||
| 949 |
_a330.4 A38 _bBC _cUACH _d-129627 _eUACH _fc.15 _h11999 _i60065 _si |
||
| 999 |
_c54940 _d54940 |
||